Normal view
MARC view
Entry Geographic Name
001 - CONTROL NUMBER
- control field: 804313
003 - CONTROL NUMBER IDENTIFIER
- control field:
005 - DATE AND TIME OF LATEST TRANSACTION
- control field: 20210627055955.0
008 - FIXED-LENGTH DATA ELEMENTS
- fixed length control field: 210627|| aca||aabn | a|a d
040 ## - CATALOGING SOURCE
- Original cataloging agency:
- Transcribing agency:
151 ## - HEADING--GEOGRAPHIC NAME
- Geographic name: Lucknow (India)
- General subdivision: History
670 ## - SOURCE DATA FOUND
- Source citation: Work cat.: ()672458: Innes, McLeod, 1830-1907 800509, Lucknow & Oude in the mutiny :, 1895
